000 00338nam a2200133Ia 4500
005 20260328104324.0
008 260328s9999||||xx |||||||||||||| ||und||
100 _aJodidio, Philip
245 0 _aRenzo Piano 1937 :
_b La Poesía del Vuelo /
_cPhilip Jodidio
260 _bTaschen
300 _a96 p.
650 _aARQUITECTOS
942 _cBK
999 _c11455
_d11455